000 01226njm a22003137a 4500
005 2010091709429.0
006 a|||||r|||||00| 0
007 sd ammalaaahaa
008 100831t xxu||||| |||| 00| 0 eng d
028 _aS/7EPE 7690
_bHis Master's Voice
035 _aGR-03366
040 _aSED
_cSED
100 _aYash Raj
_917690
245 _aSilsila /
_cby Yash Raj; sung by Lata Mangeshkar, Amitabh Bachchan & Chorus; music by Shiv-Hari; lyric by Javed Akhtar
_h[Sound Recording] :
246 _aसिलसिला / यश राज द्व्रारा
260 _aDum Dum India
_bHis Master's Voice
_c1981
300 _a1 sound disc (Gramophone Recording)
_banalog 45 rpm
_c7 in. (SP)
_fGramophone Record
500 _aBrief Record
500 _aRecord label: His Master's Voice; Red
505 _aSide-1 Rang barse (Amitabh Bachchan) -- Side-2 Neela aasman so gaya
600 _2Yash Raj
650 _aFilm songs
_xExcerpts
_zIndia
_917691
700 _aMangeshkar, Lata
_91184
700 _aBachchan, Amitabh
_920441
700 _aShiv-Hari
_920442
700 _aAkhtar, Javed
_920443
942 _2ddc
_cGR
999 _c46361
_d46361